| 000 | 01048 a2200217 4500 | ||
|---|---|---|---|
| 003 | Nust | ||
| 005 | 20230904125933.0 | ||
| 010 | _a 2005048710 | ||
| 020 | _c0131863894 | ||
| 035 | _a(OCoLC)ocm60323238 | ||
| 040 | _cNust | ||
| 082 | 0 | 0 | _a621.395,WAR |
| 100 | 1 |
_aWakerly, John F. _960843 |
|
| 245 | 1 | 0 |
_aDigital design: principles and practices / _cJohn F. Wakerly. |
| 250 | _a3rd ed. | ||
| 260 |
_aUpper Saddle River, N.J. : _bPearson/Prentice Hall, _cc2001. |
||
| 300 |
_axxiv, 895 p. : _bill. ; _c25 cm. |
||
| 505 | _aIntroduction (Page-1), Number Systems and Codes (Page-25), Digital Circuits (Page-79), Combinational Logic Design Principles (Page-193), Combinational Logic Design Practices (Page-311), Combinational Circuit Design Examples (Page-467), Sequential Logic Design Principles (Page-529), Sequential Logic Design Practices (Page-659), Sequential Circuit Design Examples (Page-795), Memory, CPLDS and FPGAS (Page-831), Additional Real World Topics (Page-895). | ||
| 650 | 0 | _aTelecommunication Engineering | |
| 942 |
_cREF _2ddc |
||
| 999 |
_c190357 _d190357 |
||